000 01067nam a2200313Ia 4500
001 Para_5615
003 CHAP
008 220125s2000 xx 000 0 und d
010 _a204082
040 _cCHAP
090 _aPA TESIS 1586
100 _aGuillen Sánchez, Dagoberto
_951408
245 _aEpidemiología de cenicilla (Oidium mangiferae Berthet) y antracnosis (Colletotrichum gloesporioides Penz) del mango en Michoacán /
_c por Dagoberto Guillen Sánchez
260 _aChapingo, Méx. :
_b el autor
300 _a42 h.
502 _aTesis (M.C. esp. en Fitopatología) CP. Instituto de Fitosanidad
650 _aAntracnosis del mango
_96121
650 _aCenicilla polvorienta del mango
_9170095
650 _aColletotrichum gloeosporioides
_925254
650 _aMango
_x enfermedades
_970410
710 _aCP. Insitituto de Fitosanidad
_9170096
901 _aPA TESIS 1586
902 _aA
905 _a0000002000 dn 0000000000 00
910 _a2000
942 _cPARA
942 _cPARA
_d1
999 _c204082
_d204082